Tilastot visalle Maakuntajärvet

Klikkaa tästä pelataksesi tätä visaa!

Yleistilastot

  • Tätä visaa on pelattu 30 kertaa
  • Keskiarvotulos 11 / 19

Vastaustilastot

MaakuntaJärvi% Oikein
LappiInarijärvi
100%
Etelä-KarjalaSaimaa
96%
KainuuOulujärvi
92%
Päijät-HämePäijänne
88%
Pohjois-KarjalaPielinen
84%
Keski-SuomiKeitele
72%
Etelä-PohjanmaaLappajärvi
72%
SatakuntaPyhäjärvi
72%
Pohjois-PohjanmaaPyhäjärvi
72%
Varsinais-SuomiPyhäjärvi
72%
Keski-PohjanmaaLestijärvi
48%
PirkanmaaLängelmävesi
44%
Kanta-HämeVanajavesi
44%
Etelä-SavoPuula
40%
UusimaaTuusulanjärvi
32%
Pohjois-SavoJuojärvi
24%
KymenlaaksoVuohijärvi
24%
PohjanmaaLuodonjärvi
20%
AhvenanmaaÖstra och Västra Kyrksundet
4%

Tulosjakauma

Persentiili vastausten määrän mukaan

Jokaisen tuloksen saaneiden osuus

Tuloshistoriasi

Et ole pelannut tätä visaa